00546nam a22001697a 45000050016000000100015000160200012000310350014000430370013000570820012000701000018000822450059001002600042001592700112002013000029003136500034003422010081609229.0 aENG-100238 c1875.00 aENG-83770 bDBAD/PUB a005.133 aTambade, Ravi aLearning .Net 3.0 :bC# programming /cby Ravi Tambade aMaharashtrabAvani Publicationsc2008 aFlat No.2, Ground Floor, Radhakrihna Apts., Prabhat Road, Lane No. 10, Erandawana PunebMaharashtrae411004 a488p.:bill.c29cm (pbk) aComputer Programming Language